00989 2200325 4500001002100000001002100021005001700042020002200059035002400081040001200105082001700117084001700134090001600151090001700167100002200184245006600206245015700272250001100429260003300440260002800473300003100501500001100532650002200543700001700565700002400582700001500606850001200621990001500633990001500648YOGYA000000000000932YOGYA00000000000093220170124105703.0 a978-979-19974-4-7 0010-081400000000972 aYOPDYOG 2[22]a658.82 a658.82 She A aR 413 Pur K a658.82 She A aSHELL, G. Richard aKamus umum bahasa indonesia. cetakan 13cPurwadarminta, W.J.S aThe art of woo = Seni menjual gagasan dengan persuasi strategisc/ G. Richard Shell, Mario Moussa ; penerjemah, Th. Dewi Wulansari ; editor, Wendratama. aCet.1. aJakartabBalai Pustakac1993 aJakartabGemilangc2010 a348 hlm.c; 23 cm (3 eks.) aIndeks aPromosi penjualan aMario Moussa aDewi Wulansari, Th. aWendratama aYOPDYOG a57282-P/95 a32097-B/99